Princesses Disney - Statistiques

Statistiques générales
  • Ce quiz a été pris 322 fois
  • Le résultat moyen est 12 sur 19
Statistiques - réponses
Hint Réponse % Correct
Elle a de beaux et longs cheveux Raiponce
98%
C'est une jeune femme qui s'est faite empoisonnée Blanche Neige
97%
Elle vit dans l'océan Ariel
95%
Elle a été enfermée avec une bête Belle
95%
Elle était esclave de sa mère et ses sœurs Cendrillon
95%
Elle a rencontrée Aladdin Jasmine
95%
Elle a voulue remplacer son père à la guerre Mulan
88%
Elle a dormie pendant 100 ans Aurore
87%
Elle a défiée les vagues pour sauver son peuple Vaiana
80%
Elle a travaillé jour et nuit pour ouvrir son restaurant Tiana
76%
Elles ont perdus le parents étants jeunes dans un naufrage Elsa et Anna
68%
Elle a transformée (accidentellement) sa mère en ours Mérida
63%
Elle a quitté l'Angleterre pour vivre avec un homme élevé par des singes Jane
55%
Elle a vue deux mondes s'affronter à cause de la haine Pocahontas
49%
Elle a été trahie par celle qu'elle pensait être son amie Raya
23%
Elle a absorbé l'énergie d'Atlantide pour sauver son peuple Kida
14%
Elle a vendu son âme Megara
14%
Elle a été traquée parce qu'elle était différente Esmeralda
13%
Elle a été propulsée d'un conte de fée à New York Giselle
12%
Aucun quiz correspondant
Distribution des résultats
% des personnes avec chaque résultat
Percentile par nombre de réponses
Votre historique - résultats
Vous n’avez pas pris ce quiz